01926nam a2200265Ia 4500001000600000003000900006008004100015040001300056040001300069041001300082100002800095100002900123240002500152240003500177245003600212245003600248250001100284260001100295260001100306260004900317300005700366500118000423650002601603650003101629F1187IT-RoPAU130308s9999 xx 000 0 und d aIT-RoPAU cIT-RoPAU aITALIANO aParent-Altier Dominique gCodice Aut. SPICS: 50370 aAPPROCHE DU SCENARIO gCodice Tit. Orig. Spics: G1778 aIntroduzione alla sceneggiatura bIntroduzione Alla Sceneggiatura a1a ed. aTORINO bLindau c1997 [1° Ed.:1997 - Ed.Ling.Originale:1997] a"168 p. (prefazione: no ; testo: 168 [pagine: 0-0])" aChi è Uno Sceneggiatore? Impaginazione. per Chi scrive Lo Sceneggiatore?:Standardizzazione della Pagina Sceneggiata, Inquadratura scena e Sequenza,Continuità Dialogata, Decoupage Tecnico e Shooting Script. Impaginazione:Come Costruire una Forma Coerente, Esempi e Spiegazioni D'Impaginazione. Intreccio. Dall'Idea al Soggetto: Tradizione della Narrazione, Mito Elementofondante della Tradizione, Soggetto. Dal Soggetto All'Intreccio: Tema, Elementi Drammaturgici dell'Intreccio. Personaggio o Intreccio?: Costruzione del Personaggio e dell'Intreccio. Come Costruire Il Personaggio?: Protagonista, Eroe. Come Rivelare Il Personaggio?: con L'Azione, Ambiente, Dialogo. Conflitto: forza Motrice della Storia: conflitto Esterno e Interno, conflitto e Ostacolo, Ostacolo e Verosimiglianza, conflitto Fattore di Identificazione. Come Costruire un Conflitto?: Impostazione del Conflitto, conflitto e Violenza, conflitto domestico o Universale, conflitto e Commedia, Conflittoe Protagonista, conflitto e Sua Risoluzione. Struttura: Sistema di Gestione: del Tempo e della Durata, dei Dispositivi Narrativi, Struttura Ternaria.Sinossi e Struttura. Struttura Nascosta. Bibliografia. aREGIA CINEMATOGRAFICA eCodice materia Spics: 6803